000 00434nam a2200157Ia 4500
008 210716s1999 xx 000 0 und d
020 _a0-13-026995-6
041 _aeng
082 _a658.4012 DAVF
100 _aDavid, Fred R.
245 _aStrategic management: concepts and cases.
_bConcepts and cases.
250 _a13
260 _aNew Jersey
_bPrentice Hall
_c1999
300 _axxxi,290/2011
650 _aStrategic Management
999 _c206750
_d206750